000 00393 a2200109 4500
001 ART_42078
005 20260410161742.0
008 260409a
245 1 0 _aLa protección constitucional del trabajo en los fallos recientes de la Corte Suprema de Justicia de la Nación Argentina
100 1 _aFera, Mario S.
773 0 _tDoctrina laboral
_g- Nº 320 (abr. 2012)
_wREV4049
999 _c18875
_d18875